[Event "I Festival"]
[Site "San Martino di Castrozza - Siror ITA"]
[Date "2000.06.25"]
[Round "1"]
[White "Mei, Gianluca"]
[Black "Naumkin, Igor"]
[Result "0-1"]
[WhiteElo "1606"]
[BlackElo "2498"]
[PlyCount "136"]
[EventDate "2000.06.25"]

1. e4 e6 2. d4 d5 3. e5 c5 4. c3 Nc6 5. Nf3 Bd7 6. a3 c4 7. Nbd2 Na5 8. Be2 Ne7
9. O-O Nc8 10. Ne1 Nb6 11. Qc2 Ba4 12. Qb1 Be7 13. Nc2 Qc7 14. Bd1 O-O-O 15.
Ne3 Bxd1 16. Nxd1 f5 17. Qc2 Kb8 18. b4 cxb3 19. Nxb3 Nxb3 20. Qxb3 Rd7 21. Nb2
Rc8 22. Bd2 Nc4 23. Nxc4 Qxc4 24. Rfb1 Qxb3 25. Rxb3 Rc4 26. a4 Rdc7 27. Kf1
R7c6 28. Rab1 Rc7 29. Ra1 Bd8 30. Ra2 h5 31. Ke2 g5 32. Kd3 g4 33. Rb4 R4c6 34.
Rc2 Be7 35. Rb3 Ra6 36. Ra2 Rc4 37. a5 Kc8 38. Rb1 Bd8 39. Rba1 Rc7 40. Ra4
Rac6 41. Rc1 Rc4 42. Rb4 Be7 43. Rxc4 dxc4+ 44. Kc2 Kd7 45. Rb1 Kc6 46. Kd1 Rd7
47. Bc1 Rd5 48. Ra1 Rb5 49. Kc2 Rb3 50. a6 b6 51. Bb2 b5 52. Bc1 Kd5 53. Be3 h4
54. g3 hxg3 55. hxg3 Ra3 56. Rxa3 Bxa3 57. Bc1 Be7 58. Be3 Bd8 59. Kd1 Ba5 60.
Bd2 Bb6 61. Ke2 Bd8 62. f3 gxf3+ 63. Kxf3 Be7 64. Be1 Ba3 65. Bd2 Bb2 66. Ke3
b4 67. cxb4 c3 68. b5 cxd2 0-1

[Event "I Festival"]
[Site "San Martino di Castrozza - Siror ITA"]
[Date "2000.06.26"]
[Round "2"]
[White "Iori, Edmondo"]
[Black "Mei, Gianluca"]
[Result "0-1"]
[WhiteElo "1488"]
[BlackElo "1606"]
[PlyCount "134"]
[EventDate "2000.06.25"]

1. e4 e5 2. Nf3 Nc6 3. Bb5 d6 4. O-O Nf6 5. Re1 Be7 6. h3 O-O 7. c3 Bd7 8. d4
h6 9. d5 Nb8 10. Bxd7 Qxd7 11. Nbd2 c6 12. c4 Na6 13. Nf1 Rac8 14. Ng3 cxd5 15.
cxd5 Nc5 16. b4 Na4 17. Bd2 b5 18. Qb3 Bd8 19. Rac1 Bb6 20. Rxc8 Rxc8 21. Rc1
Rxc1+ 22. Bxc1 Qc7 23. Bd2 Qc4 24. Qxc4 bxc4 25. Ne1 h5 26. Bg5 Nc3 27. Bxf6
gxf6 28. h4 Nd1 29. Nxh5 Bxf2+ 30. Kf1 Bxh4 31. Nf3 Ne3+ 32. Ke2 Nxg2 33. Nxh4
Nxh4 34. Nxf6+ Kf8 35. a4 Ke7 36. Ng4 f5 37. exf5 Nxf5 38. Kd2 e4 39. Kc3 e3
40. Nh2 Nh4 41. Kc2 Ng2 42. Nf3 e2 43. Kd2 Nf4 44. Kc3 Nd3 45. Kxc4 e1=Q 46.
Nxe1 Nxe1 47. Kb5 Nd3 48. Kc4 Ne5+ 49. Kb5 Nd3 50. Kc4 Nf4 51. b5 Kd7 52. a5
Kc7 53. Kd4 Ng6 54. Kc4 Ne7 55. Kd4 Nc8 56. Kc4 Kb7 57. Kb4 a6 58. b6 Nxb6 59.
axb6 Kxb6 60. Ka4 Kc5 61. Ka5 Kxd5 62. Kxa6 Kc4 63. Ka5 d5 64. Ka4 d4 65. Ka3
Kc3 66. Ka2 Kc2 67. Ka1 d3 0-1

[Event "I Festival"]
[Site "San Martino di Castrozza - Siror ITA"]
[Date "2000.06.27"]
[Round "3"]
[White "Mei, Gianluca"]
[Black "Capraro, Fabio"]
[Result "0-1"]
[WhiteElo "1606"]
[BlackElo "1800"]
[PlyCount "57"]
[EventDate "2000.06.25"]

1. e4 c5 2. Nc3 g6 3. g3 Bg7 4. Bg2 Nc6 5. Nf3 d6 6. O-O e6 7. d3 Nge7 8. Be3
Rb8 9. Qd2 h6 10. d4 cxd4 11. Nxd4 Ne5 12. Qe2 O-O 13. Rad1 a6 14. f4 N5c6 15.
g4 Nxd4 16. Rxd4 Bxd4 17. Bxd4 Nc6 18. Be3 Kh7 19. f5 g5 20. f6 Ne5 21. h4 Rg8
22. hxg5 hxg5 23. Bh1 Kg6 24. Nd5 exd5 25. exd5 Bxg4 26. Be4+ Kh6 27. Qh2+ Bh5
28. Qh4 Qc8 29. Rf5 0-1

[Event "I Festival"]
[Site "San Martino di Castrozza - Siror ITA"]
[Date "2000.06.28"]
[Round "4"]
[White "Piazza, Luigi"]
[Black "Mei, Gianluca"]
[Result "0-1"]
[WhiteElo "1500"]
[BlackElo "1606"]
[PlyCount "78"]
[EventDate "2000.06.25"]

1. Nf3 Nf6 2. g3 g6 3. Bg2 Bg7 4. O-O O-O 5. d3 c5 6. e4 Nc6 7. c3 d6 8. Re1
Bd7 9. Nbd2 Qc7 10. a4 a6 11. Nc4 b5 12. axb5 axb5 13. Rxa8 Rxa8 14. Na3 Rb8
15. h3 Qc8 16. e5 dxe5 17. Nxe5 Nxe5 18. Rxe5 Bxh3 19. Rxe7 Bxg2 20. Kxg2 Nd5
21. Re4 Qf5 22. Qe2 Nf6 23. Re5 Qc8 24. c4 bxc4 25. Nxc4 Ng4 26. Re7 h5 27. Nd2
Qc6+ 28. Ne4 Re8 29. Rxe8+ Qxe8 30. Qf3 Bd4 31. Bg5 Qe5 32. Bf4 Qd5 33. Qe2
Nxf2 34. Be3 Nxe4 35. Bxd4 Nd6+ 36. Qf3 Qxf3+ 37. Kxf3 cxd4 38. Kf4 f6 39. b4
Kf7 0-1

[Event "I Festival"]
[Site "San Martino di Castrozza - Siror ITA"]
[Date "2000.06.29"]
[Round "5"]
[White "Mei, Gianluca"]
[Black "Frilli, Guido"]
[Result "1-0"]
[WhiteElo "1606"]
[BlackElo "1479"]
[PlyCount "55"]
[EventDate "2000.06.25"]

1. e4 c5 2. Nc3 Nc6 3. g3 g6 4. Bg2 Bg7 5. Nf3 d6 6. O-O e6 7. d3 Nge7 8. Be3
O-O 9. Qd2 Nd4 10. Bh6 Nec6 11. Bxg7 Kxg7 12. Ne2 b5 13. c3 Nxe2+ 14. Qxe2 e5
15. Nd2 Bb7 16. f4 f6 17. Rfe1 a5 18. Nf1 b4 19. Ne3 Qd7 20. h4 h6 21. Kh2 Bc8
22. h5 g5 23. fxg5 fxg5 24. Rf1 Bb7 25. Bh3 Qc7 26. Nd5 Qd8 27. Rxf8 Qxf8 28.
Rf1 1-0

[Event "I Festival"]
[Site "San Martino di Castrozza - Siror ITA"]
[Date "2000.06.30"]
[Round "6"]
[White "Pipitone, Antonio"]
[Black "Mei, Gianluca"]
[Result "1-0"]
[WhiteElo "2037"]
[BlackElo "1606"]
[PlyCount "125"]
[EventDate "2000.06.25"]

1. e4 e5 2. Nf3 Nc6 3. Bb5 d6 4. d4 Bd7 5. O-O Be7 6. Re1 Nf6 7. c3 O-O 8. h3
h6 9. Nbd2 exd4 10. cxd4 a6 11. Bd3 Re8 12. a3 Bf8 13. Nf1 g6 14. Bd2 Bg7 15.
Bc3 Bc8 16. Ng3 Ne7 17. Rc1 b6 18. Qd2 Kh7 19. Qf4 g5 20. e5+ Kg8 21. Qd2 Nfd5
22. Be4 Rb8 23. Nh5 Nxc3 24. Qxc3 d5 25. Nxg7 Kxg7 26. Bb1 c6 27. g4 Be6 28.
Qd3 Rh8 29. Kg2 a5 30. Kg3 Qd7 31. Qc3 Rbg8 32. Nh2 Kf8 33. f3 Ke8 34. Qb3 b5
35. Qc3 a4 36. Bd3 Rf8 37. Qc5 Kd8 38. Qb6+ Qc7 39. Qxc7+ Kxc7 40. Bxb5 Rb8 41.
Bxa4 Rxb2 42. Rc2 Rhb8 43. Rec1 Bd7 44. Nf1 Rxc2 45. Bxc2 Ra8 46. a4 Ng6 47.
Bxg6 fxg6 48. Ne3 Kd8 49. Ra1 Kc7 50. h4 gxh4+ 51. Kxh4 Rb8 52. Kg3 Rb4 53. Nc2
Rc4 54. Ra2 c5 55. dxc5 Rxa4 56. Rxa4 Bxa4 57. Nd4 Kd7 58. f4 Kd8 59. f5 gxf5
60. gxf5 Bd1 61. f6 Ke8 62. e6 Bh5 63. c6 1-0

[Event "I Festival"]
[Site "San Martino di Castrozza - Siror ITA"]
[Date "2000.06.01"]
[Round "7"]
[White "Gardini, Enrico"]
[Black "Mei, Gianluca"]
[Result "0-1"]
[WhiteElo "1392"]
[BlackElo "1606"]
[PlyCount "96"]
[EventDate "2000.06.25"]

1. e4 e5 2. Nf3 Nc6 3. Bb5 d6 4. d4 Bd7 5. O-O Be7 6. Be3 Nf6 7. Nbd2 O-O 8.
Bxc6 Bxc6 9. d5 Bd7 10. c4 c6 11. Rc1 Ng4 12. Re1 Nxe3 13. Rxe3 c5 14. a3 Qc7
15. Qe1 a5 16. Nb1 b5 17. b4 bxc4 18. Rxc4 axb4 19. axb4 Ra4 20. Rb3 Qa7 21.
Rc1 Rb8 22. b5 Ra1 23. Nc3 Rxc1 24. Qxc1 Rb6 25. g3 Qb7 26. Qb1 Qa8 27. h4 Bd8
28. Nd2 Rb7 29. Nc4 Ra7 30. Kg2 Qb8 31. b6 Ra6 32. b7 Bc7 33. f4 f6 34. fxe5
fxe5 35. Qf1 Ra7 36. Qb1 Be8 37. g4 h6 38. Ne2 Ra4 39. Qc2 Rb4 40. Rxb4 cxb4
41. Nxd6 Bxd6 42. Qc8 b3 43. h5 Kf7 44. Ng3 b2 45. Qe6+ Kf8 46. Qf5+ Kg8 47.
Qf1 Qxb7 48. Qb1 Qb4 0-1

[Event "I Festival"]
[Site "San Martino di Castrozza - Siror ITA"]
[Date "2000.06.02"]
[Round "8"]
[White "Mei, Gianluca"]
[Black "Righini, Giovanni"]
[Result "1-0"]
[WhiteElo "1606"]
[BlackElo "1746"]
[PlyCount "127"]
[EventDate "2000.06.25"]

1. e4 e6 2. d4 d5 3. e5 b6 4. f4 Ne7 5. Nf3 Ba6 6. Bxa6 Nxa6 7. Nc3 Nf5 8. Ne2
h5 9. c3 Qd7 10. b4 c5 11. a3 Nb8 12. Ng3 g6 13. Nxf5 gxf5 14. Be3 Qb5 15. Qe2
Qxe2+ 16. Kxe2 cxb4 17. cxb4 b5 18. Rhc1 Be7 19. Rc8+ Bd8 20. Rac1 Ke7 21. Bf2
Re8 22. Bh4+ Kd7 23. Bxd8 Rxd8 24. R1c7+ Ke8 25. Rxd8+ Kxd8 26. Rxf7 a5 27. Rb7
axb4 28. axb4 Ra2+ 29. Kf1 Nc6 30. Rxb5 Rb2 31. Rb7 Rxb4 32. Rxb4 Nxb4 33. Ke2
Kc7 34. g3 Nc6 35. Kd3 Ne7 36. Ng5 Kd7 37. Nh7 h4 38. Nf8+ Kc8 39. Nxe6 hxg3
40. hxg3 Kd7 41. Ng5 Nc6 42. Nh3 Ke6 43. Nf2 Nb4+ 44. Kc3 Na2+ 45. Kb2 Nb4 46.
Kb3 Nc6 47. Kc3 Ne7 48. Kb4 Nc6+ 49. Kc5 Na5 50. Kb4 Nc6+ 51. Kc3 Ne7 52. Nd1
Nc6 53. Ne3 Ne7 54. Kb4 Nc6+ 55. Kc5 Na5 56. Nxd5 Nb3+ 57. Kc4 Nd2+ 58. Kd3 Nf1
59. Nc3 Nxg3 60. Ne2 Ne4 61. d5+ Kd7 62. Nd4 Nf2+ 63. Ke2 Nh3 64. Kf3 1-0